LEADER 00978cam0-2200313---450- 001 990005076610403321 005 20090610103106.0 035 $a000507661 035 $aFED01000507661 035 $a(Aleph)000507661FED01 035 $a000507661 100 $a19990604d1900----km-y0itay50------ba 101 0 $ager 102 $aDE 105 $ay-------001yy 200 1 $aZur Geschichte der Diphthongierung im Altprovenzalischen$fvon Carl Voretzsch 210 $aHalle$cNiemeyer$d1900 215 $aVI, 79 p.$d24 cm 300 $aEstratto da: Forschungen zur romanischen Philologie : Festgabe für Hermann Suchier 610 0 $aLingua provenzale$aOrigini 676 $a449 700 1$aVoretzsch,$bKarl$f<1867-1947>$0189325 801 0$aIT$bUNINA$gRICA$2UNIMARC 901 $aBK 912 $a990005076610403321 952 $a449 VOR 1$bIst.f.m.10801$fFLFBC 959 $aFLFBC 996 $aZur Geschichte der Diphthongierung im Altprovenzalischen$9531353 997 $aUNINA LEADER 01326nam--2200421---4500 001 990000919370203316 005 20130111112648.0 010 $a0-7156-2151-3 035 $a0091937 035 $aUSA010091937 035 $a(ALEPH)000091937USA01 035 $a0091937 100 $a20020129d1987----km-y0ENGy0103----ba 101 $aeng 102 $aGB 200 1 $aAgainst Aristotle, on the eternity of the world$fPhiloponus$gtraslated by Christian Wildberg 210 $aLondon$cDuckworth$d1987 215 $a182 p.$d24 cm 500 1$aDe aeternitate mundi contra Proclum$947074 606 $aAristotele 676 $a113 700 1$aIOANNES :$cPhiloponus$0160407 702 1$aWILDBERG,$bChristian 801 0$aIT$bsalbc$gISBD 912 $a990000919370203316 951 $aII.1.A. 685(II i A 976)$b114763 LM$cII i A 951 $aXV.8. 821$b224243 L.M.$cXV.8. 959 $aBK 969 $aUMA 979 $aPATTY$b90$c20020129$lUSA01$h1040 979 $c20020403$lUSA01$h1735 979 $aPATRY$b90$c20040406$lUSA01$h1703 979 $aCOPAT2$b90$c20050713$lUSA01$h1331 979 $aBATCH-UPD$b90$c20080926$lUSA01$h1631 979 $aIANNONE$b90$c20130111$lUSA01$h1126 979 $aBATCH-UPD$b90$c20130515$lUSA01$h1228 996 $aDe aeternitate mundi contra Proclum$947074 997 $aUNISA LEADER 03031nam 22004813 450 001 9911009251303321 005 20240726080302.0 010 $a9781779561534 010 $a1779561539 035 $a(CKB)32713289900041 035 $a(MiAaPQ)EBC31545548 035 $a(Au-PeEL)EBL31545548 035 $a(Exl-AI)31545548 035 $a(OCoLC)1450109417 035 $a(Perlego)4501098 035 $a(EXLCZ)9932713289900041 100 $a20240726d2024 uy 0 101 0 $aeng 135 $aur||||||||||| 181 $ctxt$2rdacontent 182 $cc$2rdamedia 183 $acr$2rdacarrier 200 10$aWorking Capital Management 205 $a1st ed. 210 1$aBurlington :$cToronto Academic Press,$d2024. 210 4$d©2024. 215 $a1 online resource (233 pages) 311 08$a9781774697412 311 08$a1774697416 327 $aCover -- Title Page -- Copyright -- About The Author -- Contents -- List of Figures -- List of Tables -- List of Abbreviations -- Preface -- Chapter 1: Introduction To Working Capital Management -- Unit Introduction -- 1.1. Concept Of Working Capital -- 1.2. Importance Of Working Capital -- 1.3. Factors Influencing Working Capital Requirements -- 1.4. Levels Of Working Capital Investment -- 1.5. Optimal Level Of Working Capital Investment -- 1.6. Overall Working Capital Policy -- 1.7. Ratio Analysis -- 1.8. Significance Of Working Capital -- Summary -- Review Questions -- Multiple Choice Questions -- References -- Chapter 2: Planning Of Working Capital Management -- Unit Introduction -- 2.1. Types Of Working Capital -- 2.2. Operating Cycle -- 2.4. Estimation Of Working Capital Requirements -- 2.5. Liquidity And Profitability -- Summary$7Generated by AI. 330 $aThis book provides a comprehensive exploration of working capital management, emphasizing its critical role in sustaining and enhancing business operations. It covers essential topics such as the concept and importance of working capital, factors influencing its requirements, and optimal investment levels. The book delves into financial analysis, cash management, and the intricacies of financing mixes through detailed chapters. It is crafted to serve as a valuable resource for students, scholars, and professionals in financial management, offering insights into effective short-term financial decision-making. Brian Garman, an experienced software developer, authored this work to equip readers with a broad understanding of working capital strategies necessary for maintaining liquidity and achieving business longevity.$7Generated by AI. 606 $aWorking capital$7Generated by AI 606 $aLiquidity (Economics)$7Generated by AI 615 0$aWorking capital 615 0$aLiquidity (Economics) 700 $aGarman$b Brian$01828043 801 0$bMiAaPQ 801 1$bMiAaPQ 801 2$bMiAaPQ 906 $aBOOK 912 $a9911009251303321 996 $aWorking Capital Management$94396123 997 $aUNINA